[Event "Mitropa Cup 33rd"]
[Site "Ruzomberok"]
[Date "2014.05.24"]
[Round "2.5"]
[White "Szabo, Krisztian"]
[Black "Rombaldoni, Denis"]
[Result "1/2-1/2"]
[WhiteElo "2543"]
[BlackElo "2485"]
[PlyCount "120"]
[EventDate "2014.05.23"]
[EventType "team-tourn"]
[EventRounds "9"]
[EventCountry "SVK"]
[SourceTitle "CBM 160 Extra"]
[Source "ChessBase"]
[SourceDate "2014.07.01"]
[SourceVersion "1"]
[SourceVersionDate "2014.07.01"]
[SourceQuality "1"]
[WhiteTeam "Hungary"]
[BlackTeam "Italy"]
[WhiteTeamCountry "HUN"]
[BlackTeamCountry "ITA"]

1. e4 c6 2. d4 d5 3. Nc3 dxe4 4. Nxe4 Bf5 5. Ng3 Bg6 6. h4 h6 7. Nf3 Nf6 8. Ne5 Bh7 9. Bd3 Bxd3 10. Qxd3 e6 11. Bd2 Be7 12. 0-0-0 0-0 13. f4 c5 14. dxc5 Qxd3 15. Nxd3 Nbd7 16. b4 a5 17. a3 axb4 18. axb4 Rfc8 19. Kb2 b6 20. Ra1 bxc5 21. Rxa8 Rxa8 22. bxc5 Nxc5 23. Nxc5 Bxc5 24. c3 Nd5 25. Ne4 Ba3+ 26. Kb3 Be7 27. g3 Ra3+ 28. Kb2 Nb6 29. Kc2 f5 30. Nf2 Ra2+ 31. Kd3 Bf6 32. Nd1 Na4 33. Be3 Ra3 34. Bd4 Bxd4 35. Kxd4 Ra2 36. Re1 Rd2+ 37. Ke3 Rd6 38. c4 Nc5 39. Nf2 Kf7 40. Rb1 Rc6 41. Kd4 Kg6 42. Rb5 Nd7 43. c5 Kh5 44. Nd3 Rc7 45. Ne5 Nxe5 46. Kxe5 Rc6 47. Kd4 Kg4 48. Rb3 g5 49. Rb6 Rc8 50. Rxe6 gxf4 51. gxf4 h5 52. Rh6 Kxf4 53. Rxh5 Rd8+ 54. Kc4 Rf8 55. c6 Kg4 56. Rh7 f4 57. c7 f3 58. Rf7 Rc8 59. Kd5 Kxh4 60. Ke4 f2 1/2-1/2

[Event "Mitropa Cup 33rd"]
[Site "Ruzomberok"]
[Date "2014.05.23"]
[Round "1.2"]
[White "Gloor, Roger"]
[Black "Szabo, Krisztian"]
[Result "1/2-1/2"]
[WhiteElo "2357"]
[BlackElo "2543"]
[PlyCount "89"]
[EventDate "2014.05.23"]
[EventType "team-tourn"]
[EventRounds "9"]
[EventCountry "SVK"]
[SourceTitle "CBM 160 Extra"]
[Source "ChessBase"]
[SourceDate "2014.07.01"]
[SourceVersion "1"]
[SourceVersionDate "2014.07.01"]
[SourceQuality "1"]
[WhiteTeam "Switzerland"]
[BlackTeam "Hungary"]
[WhiteTeamCountry "SUI"]
[BlackTeamCountry "HUN"]

1. e4 c5 2. Nf3 e6 3. d4 cxd4 4. Nxd4 Nc6 5. Nc3 Qc7 6. f4 a6 7. Nxc6 Qxc6 8. Bd3 b5 9. Qe2 Bb7 10. Bd2 Bc5 11. 0-0-0 Ne7 12. a3 0-0-0 13. g4 d5 14. Kb1 d4 15. Na2 Kb8 16. Rhf1 Ka8 17. Nc1 Bb6 18. Nb3 Qc7 19. Qe1 Nc6 20. e5 h5 21. g5 Rd7 22. Bb4 Nxb4 23. axb4 Ka7 24. Nd2 Bd5 25. Ne4 Qc6 26. Rc1 Rc7 27. Rg1 Qd7 28. Rg3 Qc6 29. Rh3 Kb8 30. Nd6 f5 31. gxf6 gxf6 32. Ne4 fxe5 33. fxe5 Rg7 34. Nf6 Rg5 35. Rg3 Rxg3 36. Qxg3 Qb7 37. Qf4 Bc6 38. Rg1 Qe7 39. Be4 d3 40. Rc1 Qxb4 41. cxd3 Bd4 42. Rc2 Qe1+ 43. Rc1 Qb4 44. Rc2 Qe1+ 45. Rc1 1/2-1/2

[Event "HUN-chT 1314"]
[Site "Hungary"]
[Date "2014.03.23"]
[Round "7"]
[White "Varga, Zoltan"]
[Black "Szabo, Krisztian"]
[Result "0-1"]
[WhiteElo "2444"]
[BlackElo "2561"]
[PlyCount "64"]
[EventDate "2013.09.08"]
[EventType "team-tourn"]
[EventRounds "9"]
[EventCountry "HUN"]
[SourceTitle "EXT 2015"]
[Source "ChessBase"]
[SourceDate "2014.11.20"]
[SourceVersion "1"]
[SourceVersionDate "2014.11.20"]
[SourceQuality "1"]
[WhiteTeam "Csuti"]
[BlackTeam "Paks"]
[WhiteTeamCountry "HUN"]
[BlackTeamCountry "HUN"]

1. c4 g6 2. d4 Nf6 3. Nc3 Bg7 4. e4 d6 5. f3 0-0 6. Be3 c5 7. Nge2 Nc6 8. Qd2 e6 9. 0-0-0 Qa5 10. Kb1 a6 11. d5 exd5 12. Nxd5 Nxd5 13. cxd5 Qxd2 14. Rxd2 Ne5 15. Ng3 b5 16. Be2 Re8 17. Re1 h5 18. Kc1 Bd7 19. h3 Rec8 20. Rc2 c4 21. Rd1 b4 22. f4 Nd3+ 23. Bxd3 cxd3 24. Rxc8+ Rxc8+ 25. Kb1 Rc2 26. Rd2 Bd4 27. Rxd3 Rxb2+ 28. Kc1 Bc3 29. Bd2 Rxa2 30. Bxc3 bxc3 31. Rxc3 h4 32. Nf1 Ra1+ 0-1

[Event "Budapest FS02 GM"]
[Site "Budapest"]
[Date "2014.02.10"]
[Round "9"]
[White "Kantor, Gergely"]
[Black "Szabo, Krisztian"]
[Result "1/2-1/2"]
[WhiteElo "2328"]
[BlackElo "2564"]
[PlyCount "46"]
[EventDate "2014.02.01"]
[EventType "tourn"]
[EventRounds "9"]
[EventCountry "HUN"]
[EventCategory "8"]
[SourceTitle "CBM 158 Extra"]
[Source "ChessBase"]
[SourceDate "2014.02.28"]
[SourceVersion "1"]
[SourceVersionDate "2014.02.28"]
[SourceQuality "1"]

1. d4 Nf6 2. c4 g6 3. Nc3 Bg7 4. e4 d6 5. Nge2 0-0 6. Ng3 e5 7. d5 a5 8. Be2 Na6 9. 0-0 Qe8 10. Be3 h5 11. f3 Nh7 12. Qd2 Bd7 13. Nb5 b6 14. Rac1 Qe7 15. Bd3 Bf6 16. b3 h4 17. Ne2 Bg5 18. a3 Bxe3+ 19. Qxe3 Kg7 20. Rc3 Nf6 21. Rb1 Nh5 22. b4 Qf6 23. Rc2 Rfb8 1/2-1/2

[Event "Budapest FS02 GM"]
[Site "Budapest"]
[Date "2014.02.08"]
[Round "7"]
[White "Wang, Puchen"]
[Black "Szabo, Krisztian"]
[Result "1-0"]
[WhiteElo "2458"]
[BlackElo "2564"]
[PlyCount "69"]
[EventDate "2014.02.01"]
[EventType "tourn"]
[EventRounds "9"]
[EventCountry "HUN"]
[EventCategory "8"]
[SourceTitle "CBM 158 Extra"]
[Source "ChessBase"]
[SourceDate "2014.02.28"]
[SourceVersion "1"]
[SourceVersionDate "2014.02.28"]
[SourceQuality "1"]

1. d4 Nf6 2. c4 g6 3. Nc3 Bg7 4. e4 d6 5. f3 0-0 6. Be3 c5 7. Nge2 Nc6 8. d5 Ne5 9. Ng3 h5 10. Be2 h4 11. Nf1 e6 12. Nd2 exd5 13. cxd5 Nh7 14. f4 Nd7 15. 0-0 Qe7 16. Nc4 Bxc3 17. bxc3 Qxe4 18. Bd3 Qe7 19. Re1 Qf6 20. Nd2 Qd8 21. h3 Ndf6 22. Qf3 b5 23. Bxb5 Bf5 24. Bf2 Rb8 25. a4 Nh5 26. Nc4 Qf6 27. Ne3 Bc8 28. f5 a6 29. Bc6 Qxc3 30. Bxh4 N7f6 31. g4 Ng7 32. Rac1 Qb2 33. Nc4 Rb3 34. Qd1 Qa2 35. Re2 1-0

[Event "Budapest FS02 GM"]
[Site "Budapest"]
[Date "2014.02.04"]
[Round "4"]
[White "Szabo, Krisztian"]
[Black "Nguyen, Huynh Minh Huy"]
[Result "0-1"]
[WhiteElo "2564"]
[BlackElo "2466"]
[PlyCount "96"]
[EventDate "2014.02.01"]
[EventType "tourn"]
[EventRounds "9"]
[EventCountry "HUN"]
[EventCategory "8"]
[SourceTitle "CBM 158 Extra"]
[Source "ChessBase"]
[SourceDate "2014.02.28"]
[SourceVersion "1"]
[SourceVersionDate "2014.02.28"]
[SourceQuality "1"]

1. e4 c5 2. Nf3 e6 3. d4 cxd4 4. Nxd4 a6 5. Nc3 Qc7 6. Bd3 Nf6 7. 0-0 d6 8. f4 b5 9. Kh1 Bb7 10. Qe2 Nbd7 11. Bd2 Nc5 12. b4 Nxd3 13. cxd3 Be7 14. Rac1 Qd7 15. Be3 0-0 16. Nb3 Rac8 17. Bd4 Ne8 18. Qe3 f5 19. Rce1 Bh4 20. Rc1 Qf7 21. Kg1 Bd8 22. e5 dxe5 23. fxe5 Nc7 24. Bc5 Re8 25. Bd6 Qg6 26. Qe2 Bg5 27. Rc2 Nd5 28. Nxd5 Rxc2 29. Ne7+ Bxe7 30. Qxc2 Rc8 31. Bc5 Bd5 32. Qe2 Bxb3 33. axb3 Bxc5+ 34. bxc5 Rxc5 35. d4 Rd5 36. Ra1 Rxd4 37. Rxa6 h6 38. Rd6 Rg4 39. h3 Rg3 40. Rd3 f4 41. Rf3 Qg5 42. Kf1 Rxf3+ 43. gxf3 Qg3 44. Qxb5 Qxf3+ 45. Ke1 Qe3+ 46. Kd1 f3 47. Qe8+ Kh7 48. Qxe6 Qd3+ 0-1